1098 1525 1136 1634 1818 1449 1536 1366 1783 1836 1850 1293 1593 1146 1887 1038 1437 1427 1993 1700 1937 1131 1362 1382 1038 1581 1078 1131 1821 1812 1385 1692 1414 1396 1180 1217 1246 1590 1847 1754 1189 1774 1209 1940 1182 1737 1602 1390 1547 1422 1883 1844 1989 1738 1405 1721 1826 1864 1399 1065 1555 1148 1229 1172 1324 1502 1234 1335 1780 1058 1564 1781 1273 1425 1448 1253 1291 1160 1940 1297 1928 1471 1145 1384 1880 1110 1222 1833 1536 1169 1748 1987 1824 1561 1479 1028 1657 1568 1305 BCNSPRNW ULIB Ver.6.0+V

เปลี่ยนเป็นภาษาไทย

Change to English
 แสดงรายละเอียดบรรณานุกรม
  กลับหน้าหลัก

Brief Record : Get Marc (ISO 2709) : E-mail record : QR code < ปิดหน้าต่าง
LEADER : 00000nam 2200000uu 4500
001    13399123789
003     ULIB
008    141128s2556||||th 000 0 tha d
020    ^a9786169129042
060  4 ^aWJ300^bน672
245 00 ^aNephrology board review 2013 /^cบรรณาธิการ พงศธร คชเสนี,ธนันดา ตระการวนิช, เกรียงศักดิ์ วารีแสงทิพย์
250    ^aพิมพ์ครั้งที่ 1
260    ^aกรุงเทพฯ :^b[สมาคมโรคไตแห่งประเทศไทย],^c2556
300    ^av, 403 หน้า :^bภาพประกอบ
500    ^aหนังสือประกอบการประชุมวิชาการประจำปี 2556 Short Course inNephrology เรื่อง Nephrology Board Review Course 2013ในวันที่ 13-14 กรกฎาคม 2556 จัดโดย สมาคมโรคไตแห่งประเทศไทย
505 0  ^a--^tPrinciple of Sodium and Water Disorders --^tSolve the Puzzle of Potassium Disorders --^tStrategic Approach to Metabolic Acidosis and RTA --^tPractical Points of Metapolic Alkalosis --^tPitfalls in Menagement of Common Divalent lon Disorders --^tWhat the Intemists Should Know about Primary Glomerular Diseases --^tPractical Approach to Rapidly Progressive Glomerular Diseases --^tKidney Diseases in Pregnancy --^tupus Nephritis for Intemists --^tAcute Kidney Injury:2013 Update --^tToxic Nephropathy and Contrast-Induced Acute Kidney Injury --^tInvestigation and Option of Treatment for Renovascular Disease --^tCommon Cystic Kidney Diseases for Intemists --^tMedical Aspects fo Kidney Stones --^tNutrition and Kidney Disease --^tComprehensive Approach to Diabetic Kidney Disease
650  7 ^aโรคไต^xการวินิจฉัย
650  7 ^aโรคไต^xการรักษา
650  7 ^aไต^xโรค^xการวินิจฉัย
650  7 ^aไต^xโรค^xการรักษา
700 0  ^aพงศธร คชเสนี,^eบรรณาธิการ
700 0  ^aธนันดา ตระการวนิช,^eบรรณาธิการ
700 0  ^aเกรียงศักดิ์ วารีแสงทิพย์,^eบรรณาธิการ
710 2  ^aสมาคมโรคไตแห่งประเทศไทย
945    ^p500^l0^i22069
945    ^p500^l0^i22070
999    ^aทศพร เกษรทอง
รายการนี้ยังไม่มีแท็ก
คุณยังไม่ได้ล็อกอิน คุณสามารถมีกิจกรรมร่วมกับเว็บไซต์ได้ แต่ต้องล็อกอินก่อน ::
  ล็อกอิน

รายการสื่อสารสนเทศ

ลำดับที่ ประเภท เลขเรียก/บาร์โค้ด สถานที่ สถานะ
1. วิทยาศาสตร์การแพทย์ และสุขภาพ
หนังสือสำรอง
สถานะ=หนังสือสำรอง
WJ300 น672 ฉ.1 
  Barcode: 22069
ห้องสมุดวิทยาเขตนครสวรรค์
►หนังสือทั่วไป:l:General Books
บนชั้น
2. วิทยาศาสตร์การแพทย์ และสุขภาพ
วิทยาศาสตร์การแพทย์ และสุขภาพ
WJ300 น672 ฉ.2 
  Barcode: 22070
ห้องสมุดวิทยาเขตนครสวรรค์
►หนังสือทั่วไป:l:General Books
บนชั้น

รายการใกล้เคียง
    หัวเรื่อง [ไต โรค การวินิจฉัย]
    หัวเรื่อง [ไต โรค การรักษา]

BibComment


ยังไม่เคยถูกคอมเมนท์

คอมเมนท์ทรัพยากรรายการนี้
  คอมเมนท์: Nephrology board..


 Copyright 2026. Bcnsprnw @Library